000 00732nam a2200193Ii 4500
003 JO-AjNU
008 230605s9999||||xx |||||||||||||| ||und||
040 _aJO-AjNU
_bara
_erda
_cJO-AjNU
041 _aara
050 1 4 _aPJ7698.H3.Z524
100 3 _aتأليف الأصبهاني، علي بن الحسين,
_eauthor
_935689
245 0 0 _aأخبار حسان بن ثابت: من كتاب الأغاني لأبي الفرج الأصبهاني علي بن الحسين 356هـ - 976هـ
264 3 1 _aد.ن
300 _a134ص-170ص/39ص
336 _atext
_btxt
_2rdacontent
337 _aunmediated
_bn
_2rdamedia
338 _avolume
_bnc
_2rdacarrier
650 4 _aحسان بن ثابت بن المنذر الخزرجي
_935690
999 _aA14758
_c18326
_d18326